00489 2200169 4500001002100000008004100021035002000062245007900082100002000161260004300181300002700224020001800251084001700269082001100286650001000297990001200307INLIS000000000001406 Ind  a0010-0924000003 aVisual Ilmu dan Pengetahuan Populler, Memahami dunia hewancJacques Fortin aFortin, Jacques aJakartabPT. Bhuana Ilmu Populerc2009 a142 hlm.c17,5 x 25 cm a979-798-810-4 a590.92 JAC v a590.92 aSosia a0750907